Sidemen XiX - Statistics

General Stats
  • This quiz has been taken 2,354 times
    2,353 since last reset
  • The average score is 10 of 10
Answer Stats
Hint Answer % Correct
Who has the most subscribers? KSI
100%
KSI's Brother Deji
99%
Gay one :) Ethan
99%
"'Bout to pour Vitimint water for my fallen soldiers" who made that quote? Ethan
99%
Creator of Elephant Dance Miniminter
99%
who threw the most eggs in the sidemen helium challange Tobi/Josh
99%
Who has the most videos? Vikstar123
99%
Who tackles the Vikk at the end of Thorpe park vlog? W2S
99%
Father__________ Zerkka
99%
In KSi's Cross-Bar Challange, who was the third Sideman on video to hit the cross-bar Josh
98%
No matching quizzes found
Score Distribution
Percent of People with Each Score
Percentile by Number Answered
Your Score History
You have not taken this quiz since the last reset